Indicadores Economicos y Sociales de Panama 1980-1989 Primer Semestre de 1990

Gespeichert in:
Bibliographische Detailangaben
Format: Buch
Sprache:Spanisch
Veröffentlicht: Panamá Direccion de Estadistica y Censo 1990
Ausgabe:1. ed.
Tags: Tag hinzufügen
Keine Tags, Fügen Sie das erste Tag hinzu!

MARC

LEADER 00000nam a2200000 4500
001 c023925
005 20240801105010.6
041 0 |a spa 
044 |a PA 
245 1 0 |a Indicadores Economicos y Sociales de Panama 1980-1989  |b Primer Semestre de 1990 
250 |a 1. ed. 
264 1 |a Panamá  |b Direccion de Estadistica y Censo  |c 1990 
300 |a 52 s.